[Event "SportAccord Basque 2014"]
[Site "Beijing CHN"]
[Date "2014.12.16"]
[Round "3.14"]
[White "Ponomariov,R"]
[Black "Mamedyarov,S"]
[Result "0-1"]
[WhiteElo "2714"]
[BlackElo "2765"]

1.d4 d5 2.c4 c6 3.Nf3 Nf6 4.Nc3 e6 5.g3 dxc4 6.Bg2 Nbd7 7.O-O b5 8.e4 Bb7
9.e5 Nd5 10.Ng5 Be7 11.Qh5 g6 12.Qh6 Qb6 13.Rd1 Bf8 14.Qh3 Be7 15.a4 b4 16.a5 Qc7
17.Nce4 c5 18.a6 Bc6 19.Nd6+ Bxd6 20.exd6 Qxd6 21.Ne4 Qe7 22.dxc5 O-O 23.Bg5 f6
24.Bh6 Rfd8 25.Rac1 Ne5 26.Qh4 Kh8 27.Rd4 Rab8 28.Nd6 c3 29.b3 Nf7 30.Bf4 g5
31.Qh5 Kg8 32.Bxd5 Bxd5 33.Nxf7 Qxf7 34.Qxf7+ Kxf7 35.Bxb8 Rxb8 36.c6 Bxc6
37.Rc4 Rb6 38.f4 gxf4 39.gxf4 Ke7 40.Rd1 h5 41.Kf2 Rxa6 42.Rxb4 Ra2+ 43.Ke3 Rxh2
44.Rc4 Rh3+ 45.Kd4 Bd5 46.Rxc3 Rh4 47.Ke3 Rh3+ 48.Kd4 Rh4 49.Ke3 Rh3+ 50.Kd4 Rxc3
51.Kxc3 h4 52.Ra1 Kf7 53.Rxa7+ Kg6 54.Kd4 h3 55.Ra2 Kf5 56.Ke3 Kg4 57.f5 exf5
58.Rd2 f4+  0-1

[Event "SportAccord Basque 2014"]
[Site "Beijing CHN"]
[Date "2014.12.16"]
[Round "3.13"]
[White "Mamedyarov,S"]
[Black "Ponomariov,R"]
[Result "1/2-1/2"]
[WhiteElo "2765"]
[BlackElo "2714"]

1.d4 d5 2.c4 e6 3.Nc3 Nf6 4.Bg5 Be7 5.Nf3 h6 6.Bxf6 Bxf6 7.Qc2 c5 8.dxc5 dxc4
9.e3 Qa5 10.Bxc4 Qxc5 11.Nd2 Be7 12.O-O O-O 13.Rfd1 Nc6 14.Rac1 Rd8 15.Nce4 Qb6
16.Bb3 Na5 17.Nc4 Nxc4 18.Qxc4 Bd7 19.Qc7 Qxc7 20.Rxc7 Bc6 21.Rxe7 Bxe4 22.Red7 Rxd7
23.Rxd7 Bc6 24.Rd4 Kf8 25.f3 Ke7 26.e4 Rc8 27.Kf2 Bd7 28.Ke3 e5 29.Rc4 Rxc4
30.Bxc4 f6 31.b4 b6 32.a3 g5 33.g4 Kd6 34.Kd3 Ba4 35.Kd2 a5 36.Be2 axb4 37.axb4 Kc6
38.Kc3 Kd6 39.Kd2 Be8 40.Kc3 h5 41.h3 h4 42.Kd2 Ba4 43.Bc4 Kc6 44.Ke2 Bb5
45.Kd3 Bxc4+ 46.Kxc4 b5+  1/2-1/2

[Event "SportAccord Basque 2014"]
[Site "Beijing CHN"]
[Date "2014.12.17"]
[Round "4.10"]
[White "Gelfand,B"]
[Black "Mamedyarov,S"]
[Result "0-1"]
[WhiteElo "2743"]
[BlackElo "2765"]

1.d4 e6 2.c4 b6 3.e4 Bb7 4.Bd3 Bb4+ 5.Bd2 Bxd2+ 6.Nxd2 d6 7.f4 e5 8.fxe5 dxe5
9.d5 Nd7 10.Ngf3 Ne7 11.O-O O-O 12.Nb1 Nc8 13.Nc3 Nd6 14.Qd2 a5 15.Rad1 Qe7
16.b3 Rad8 17.Bb1 Nc5 18.Qe3 f6 19.Kh1 Bc8 20.Bd3 Rde8 21.Rfe1 Qf7 22.Bf1 Qh5
23.Qf2 Bg4 24.Rc1 f5 25.Nd2 fxe4 26.Qg1 Qh6 27.Qe3 Rf4 28.h3 Ref8 29.Kh2 Nf5
30.Qg1 Nd4 31.Qe3 Bxh3 32.gxh3 Rf2+ 33.Bg2 Qxe3 34.Rxe3 Rxd2 35.Nxe4 Nxe4
36.Rxe4 Rff2 37.Rg4 h5  0-1

[Event "SportAccord Basque 2014"]
[Site "Beijing CHN"]
[Date "2014.12.17"]
[Round "4.9"]
[White "Mamedyarov,S"]
[Black "Gelfand,B"]
[Result "1-0"]
[WhiteElo "2765"]
[BlackElo "2743"]

1.d4 d5 2.c4 c6 3.Nf3 Nf6 4.Nbd2 g6 5.b3 Bg7 6.Bb2 O-O 7.e3 b6 8.Bd3 Bb7
9.O-O Nbd7 10.Qe2 c5 11.Rac1 Rc8 12.Rfd1 e6 13.cxd5 Nxd5 14.Ba6 Bxa6 15.Qxa6 Nb4
16.Qxa7 Nd3 17.Rb1 Nxb2 18.Rxb2 cxd4 19.exd4 Nc5 20.Nc4 b5 21.Nce5 Ne4 22.Re1 Qd5
23.h4 Ra8 24.Qd7 Qxd7 25.Nxd7 Rfd8 26.Nb6 Ra6 27.Rxe4 Rxb6 28.Rc2 Rbd6 29.Rc5 Rd5
30.g3 b4 31.Rc4 Bf8 32.Re2 Ra8 33.Kf1 Ra7 34.Ne5 Bd6 35.Nc6 Rb7 36.Ke1 Kg7
37.Kd2 Kf6 38.Kd3 g5 39.hxg5+ Rxg5 40.Re4 h5 41.Ke2 Rf5 42.Rc1 Rfb5 43.Kf3 Rc7
44.Rc4 Rcb7 45.Kg2 Rf5 46.Rc2 Rfb5 47.f4 Rd5 48.Kf3 Kg7 49.Rc4 Rdb5 50.Ke3 Kf6
51.Kf3 Kg7 52.Re2 Kf6 53.Rh2 Rd5 54.Ke4 Rdb5 55.Rcc2 Rd5 56.Rh4 Kg6 57.Ne5+ Bxe5
58.fxe5 Rbd7 59.Rc4 Ra5 60.Rc8 f5+ 61.exf6 Rxa2 62.Rf4 Rf7 63.Rg8+ Kh7 64.Re8 Rb2
65.Ke5 Re2+ 66.Kd6 Kg6 67.Rg8+ Kh7 68.Rg5 Re3 69.Rxh5+ Kg6 70.Re5 Rxb3 71.Kxe6 Rxg3
72.Ree4 Rg5 73.Re3 Rb7 74.d5 Rb8 75.f7 Kg7 76.d6 Kf8 77.Rh3 Kg7 78.f8=Q+ Rxf8
79.Rxf8 Kxf8 80.Rf3+  1-0

[Event "SportAccord Basque 2014"]
[Site "Beijing CHN"]
[Date "2014.12.17"]
[Round "5.3"]
[White "Grischuk,A"]
[Black "Mamedyarov,S"]
[Result "1/2-1/2"]
[WhiteElo "2810"]
[BlackElo "2765"]

1.d4 Nf6 2.c4 c6 3.Nf3 d5 4.Nc3 e6 5.Bg5 Nbd7 6.e3 Qa5 7.Bxf6 Nxf6 8.Bd3 Bb4
9.O-O Bxc3 10.bxc3 Qxc3 11.c5 Qa5 12.Ne5 Qc7 13.f4 O-O 14.Rf3 Ne4 15.Bxe4 dxe4
16.Rh3 f6 17.Qh5 h6 18.Ng4 Rf7 19.Nxh6+ gxh6 20.Qxh6 Rg7 21.Qh8+ Kf7 22.Rg3 Rxg3
23.hxg3 Qe7 24.g4 Qf8 25.Qh5+ Ke7 26.g5 Bd7 27.Qh7+ Kd8 28.Rb1 Kc7 29.Rxb7+ Kxb7
30.Qxd7+ Ka6 31.Qxc6+ Ka5 32.gxf6 Rb8 33.Qc7+ Kb5 34.c6 Kc4 35.Qe5 Kd3 36.c7 Rb1+
37.Kf2 Qh6 38.Kg3 Rh1 39.Qb5+ Kd2 40.Qb2+ Kd3 41.Qb3+ Kd2 42.Qb2+ Kd3 43.Qb3+  1/2-1/2

[Event "SportAccord Basque 2014"]
[Site "Beijing CHN"]
[Date "2014.12.17"]
[Round "5.4"]
[White "Mamedyarov,S"]
[Black "Grischuk,A"]
[Result "1/2-1/2"]
[WhiteElo "2765"]
[BlackElo "2810"]

1.d4 Nf6 2.c4 g6 3.g3 c5 4.dxc5 Qa5+ 5.Nc3 Bg7 6.Bg2 Qxc5 7.Qa4 Ng4 8.Nh3 Ne5
9.Bf4 Nxc4 10.Rc1 O-O 11.Nd5 b5 12.b4 Qxd5 13.Bxd5 bxa4 14.Rxc4 Nc6 15.b5 Na5
16.Re4 Bb7 17.Bxb7 Nxb7 18.Rxe7 Rfc8 19.O-O Nc5 20.Rd1 h6 21.Re3 g5 22.Be5 Re8
23.Bxg7 Rxe3 24.Bd4 Rxe2 25.Bxc5 Rxa2 26.Rxd7 Rb8 27.Rxa7 Rxb5 28.Bd4 a3
29.Ra8+ Kh7 30.g4 f5 31.gxf5 Rxf5 32.Kg2 Rd5 33.Ra7+ Kg6 34.Bh8 Rf5 35.Kg3 h5
36.f4 h4+ 37.Kg4 Rg2+ 38.Kf3 Rxh2 39.Nxg5 Rxg5 40.fxg5 Kxg5 41.Ra5+ Kg6 42.Be5 Rc2
43.Rxa3 Kf5 44.Ra5 Ke6 45.Kg4 h3 46.Kxh3 Rd2 47.Bg3 Rd4 48.Kg2 Rd5 49.Ra3 Kd7
50.Kf3 Rb5 51.Ke4 Rb4+ 52.Kf5 Rb5+ 53.Be5 Rb7 54.Ra6 Ke7 55.Rd6 Rb1 56.Rc6 Rb7
57.Ke4 Kd7 58.Rd6+ Ke7 59.Rh6 Kd7 60.Bd6 Kc6 61.Bf8+ Kb5 62.Kd5 Rd7+ 63.Bd6 Rb7
64.Rh1 Rb6 65.Rc1 Rb7 66.Bc7 Ka6 67.Bd6 Kb5 68.Rb1+ Ka6 69.Bb4 Kb5 70.Ra1 Rd7+
71.Bd6 Rb7 72.Bc7 Rxc7  1/2-1/2

[Event "Reykjavik Open 2015"]
[Site "Reykjavik ISL"]
[Date "2015.03.12"]
[Round "4.11"]
[White "Steingrimsson,H"]
[Black "Mamedyarov,S"]
[Result "0-1"]
[WhiteElo "2530"]
[BlackElo "2756"]

1.d4 g6 2.e4 d6 3.c4 Bg7 4.Nc3 Nc6 5.d5 Ne5 6.f4 Nd7 7.Nh3 Nc5 8.Nf2 e5 9.Be2 exf4
10.Bxf4 Nf6 11.e5 dxe5 12.Bxe5 O-O 13.O-O Re8 14.Bd4 Ncd7 15.b4 a5 16.a3 axb4
17.axb4 Rxa1 18.Qxa1 c5 19.bxc5 Nxc5 20.Bxc5 Nd7 21.Bd6 Rxe2 22.Qc1 Re8 23.Nb5 Nf6
24.Bf4 Re2 25.Re1 Rxe1+ 26.Qxe1 Bd7 27.Nd6 Qb6 28.h3 Bf8 29.Ne4 Nxe4 30.Qxe4 Bc5
31.Qe2 h5 32.Bg3 f5 33.Bf4 h4 34.Kf1 Qb1+ 35.Qd1 Qa2 36.Qe2 Qb1+ 37.Qd1 Qb4
38.Qc1 Qb3 39.Kg1 g5 40.Be5 f4 41.Ba1 Bxh3 42.Qe1 Kf8 43.Qe5 Bxf2+ 44.Kxf2 Qg3+
45.Ke2 Qxg2+ 46.Kd3 Qf1+ 47.Kc2 Qf2+ 48.Kb1 Qb6+ 49.Ka2 Qa6+ 50.Kb3 Qb6+
51.Ka2 Qg6 52.Bd4 Bd7 53.Kb2 h3 54.d6 Be6 55.Qh8+ Kf7 56.Qd8 Qf5 57.Qe7+ Kg6
58.Qe8+ Qf7 59.Qh8 f3 60.Qe5 f2 61.Qe4+ Qf5 62.Qxb7 f1=Q  0-1

[Event "Aeroflot Open A 2015"]
[Site "Moscow RUS"]
[Date "2015.04.03"]
[Round "8.9"]
[White "Mamedyarov,S"]
[Black "Grigoriants,S RUS"]
[Result "1/2-1/2"]
[WhiteElo "2756"]
[BlackElo "2573"]

1.d4 Nf6 2.c4 e6 3.Nc3 Bb4 4.f3 c5 5.d5 d6 6.e4 O-O 7.Bd3 Nbd7 8.Ne2 Ne5
9.Bg5 h6 10.Bh4 exd5 11.cxd5 c4 12.Bc2 Bc5 13.Bf2 Bxf2+ 14.Kxf2 Bd7 15.Qd4 b5
16.b4 a5 17.a3 Nh5 18.Rhf1 Qf6 19.Qd2 axb4 20.axb4 Rxa1 21.Rxa1 Bh3 22.f4 Ng4+
23.Kg1 Bxg2 24.Kxg2 Qh4 25.Qd4 Qxh2+ 26.Kf1 Nxf4 27.Qg1 Qh3+ 28.Ke1 Nh2 29.Kd1  1/2-1/2

[Event "TCh-TUR Super League 2015"]
[Site "Kocaeli TUR"]
[Date "2015.08.05"]
[Round "2.6"]
[White "Mamedyarov,S"]
[Black "Harikrishna,P"]
[Result "1/2-1/2"]
[WhiteElo "2735"]
[BlackElo "2740"]

1.Nf3 Nf6 2.c4 e6 3.Nc3 Bb4 4.Qc2 c5 5.g4 h6 6.Rg1 Nc6 7.h4 d5 8.g5 hxg5
9.hxg5 Ng8 10.a3 Bxc3 11.dxc3 Nge7 12.Bf4 dxc4 13.Rd1 Bd7 14.Nd2 e5 15.Be3 Bf5
16.Qa4 Qa5 17.Qxa5 Nxa5 18.Bxc5 Bc2 19.Rc1 Ba4 20.Bb4 Nb3 21.Rd1 Nxd2 22.Rxd2 Bc6
23.e4 b5 24.a4 a6 25.f3  1/2-1/2

[Event "TCh-TUR Super League 2015"]
[Site "Kocaeli TUR"]
[Date "2015.08.06"]
[Round "3.3"]
[White "Cheparinov,I"]
[Black "Mamedyarov,S"]
[Result "1/2-1/2"]
[WhiteElo "2690"]
[BlackElo "2735"]

1.d4 Nf6 2.c4 e6 3.Nf3 d5 4.g3 dxc4 5.Bg2 Bb4+ 6.Bd2 c5 7.Qc1 O-O 8.O-O b5
9.a4 Bb7 10.axb5 a6 11.bxa6 Rxa6 12.Rxa6 Bxa6 13.dxc5 Bxc5 14.Nc3 Nbd7 15.Be3 Qb6
16.Bxc5 Nxc5 17.Ne5 Ncd7  1/2-1/2

[Event "TCh-TUR Super League 2015"]
[Site "Kocaeli TUR"]
[Date "2015.08.07"]
[Round "4.5"]
[White "Mamedyarov,S"]
[Black "Zhigalko,S"]
[Result "0-1"]
[WhiteElo "2735"]
[BlackElo "2654"]

1.d4 Nf6 2.Nf3 e6 3.g3 d5 4.Bg2 Be7 5.O-O O-O 6.c4 dxc4 7.Qc2 a6 8.Qxc4 b5
9.Qc2 Bb7 10.Bd2 Bd6 11.Nh4 Bxg2 12.Kxg2 Qc8 13.e4 Qb7 14.Re1 Nbd7 15.Nf3 Be7
16.Bg5 c5 17.d5 c4 18.Nbd2 Bb4 19.dxe6 fxe6 20.b3 Ng4 21.bxc4 Nde5 22.Nxe5 Rxf2+
23.Kg1 Qa7 24.Nxg4 Rxd2+ 25.Be3 Rxc2 26.Bxa7 Bxe1  0-1

[Event "TCh-TUR Super League 2015"]
[Site "Kocaeli TUR"]
[Date "2015.08.08"]
[Round "6.4"]
[White "Mamedyarov,S"]
[Black "Volkov,Sergey1"]
[Result "1-0"]
[WhiteElo "2735"]
[BlackElo "2589"]

1.Nf3 d5 2.g3 c6 3.Bg2 Nf6 4.O-O Bg4 5.d3 Nbd7 6.Qe1 Bxf3 7.Bxf3 Qc7 8.e4 dxe4
9.dxe4 h5 10.Nd2 e6 11.Nc4 Ne5 12.Nxe5 Qxe5 13.Bf4 Qc5 14.Qe2 h4 15.b4 Qb6
16.Rab1 Nd7 17.Rfd1 Be7 18.b5 c5 19.a4 g5 20.Bd2 Ne5 21.Bh5 hxg3 22.hxg3 c4
23.Bc3 Qc7 24.Kg2 Bc5 25.a5 b6 26.Ra1 Ke7 27.axb6 Bxb6 28.Ra6 Qc5 29.Qd2 Kf6
30.f4 Rxh5 31.Bxe5+ Kg6 32.f5+ Kh6 33.Bf6 exf5 34.Bd4 Qe7 35.Qe3 f4 36.Qf3 Rb8
37.g4 Rh4 38.Bf2 Kg7 39.Bxh4 gxh4 40.Qxf4 h3+ 41.Kxh3 Rh8+ 42.Kg2 Bc7 43.e5 Bxe5
44.Rxa7 Bxf4 45.Rxe7 Rh2+ 46.Kf3 Bg5 47.Re2 Rh3+ 48.Ke4 Rh6 49.Rd5  1-0

[Event "TCh-TUR Super League 2015"]
[Site "Kocaeli TUR"]
[Date "2015.08.11"]
[Round "8.3"]
[White "Mamedyarov,S"]
[Black "So,W"]
[Result "1/2-1/2"]
[WhiteElo "2735"]
[BlackElo "2779"]

1.d4 Nf6 2.Nf3 g6 3.Bg5 Bg7 4.Nbd2 c5 5.Bxf6 Bxf6 6.Ne4 Bxd4 7.Nxd4 cxd4
8.Qxd4 O-O 9.Qd2 Nc6 10.O-O-O d6 11.h4 Qa5 12.Qxa5 Nxa5 13.h5 Be6 14.b3 Rac8
15.Kb2 d5 16.Ng5 Bf5 17.c3 Rfd8 18.hxg6 hxg6 19.e4 Bxe4 20.f3 Bf5 21.g4 Bd7
22.Rxd5 Nc6 23.Rd2 Ne5 24.Rd5 f6 25.Rxe5 fxe5 26.Bc4+ Rxc4 27.bxc4 Rc8 28.Rh7 Re8
29.Rh6 Kg7 30.Rh7+ Kg8 31.Rh2 Kg7 32.Re2 Kf6 33.Nh7+ Kg7 34.Ng5 Kf6 35.Ne4+ Kg7  1/2-1/2

[Event "TCh-TUR Super League 2015"]
[Site "Kocaeli TUR"]
[Date "2015.08.13"]
[Round "11.7"]
[White "Karaahmetoglu,Ege"]
[Black "Mamedyarov,S"]
[Result "0-1"]
[WhiteElo "2032"]
[BlackElo "2735"]

1.e4 c6 2.d4 d5 3.e5 Bf5 4.Nf3 e6 5.Be3 Nd7 6.Nbd2 f6 7.exf6 Ngxf6 8.Nb3 Bd6
9.Be2 O-O 10.h3 Ne4 11.O-O Qf6 12.c3 Rae8 13.Nc1 e5 14.dxe5 Nxe5 15.Nxe5 Qxe5
16.f4 Qe6 17.Rf3 Bg6 18.Nd3 Bh5 19.g4 Ng5 20.Rg3 Bg6 21.f5 Qe7 22.Bxg5 Qxg5
23.Rg2 Qe3+ 24.Kf1 Bxf5 25.gxf5 Rxf5+ 26.Nf2 Ref8  0-1

[Event "TCh-TUR Super League 2015"]
[Site "Kocaeli TUR"]
[Date "2015.08.14"]
[Round "12.1"]
[White "Moiseenko,A1"]
[Black "Mamedyarov,S"]
[Result "1/2-1/2"]
[WhiteElo "2710"]
[BlackElo "2735"]

1.d4 d6 2.e4 Nf6 3.Nc3 g6 4.Nf3 Bg7 5.Be2 O-O 6.O-O Nc6 7.Re1 e5 8.Be3 exd4
9.Nxd4 Re8 10.Nxc6 bxc6 11.Bf3 Rb8 12.Rb1 c5 13.Qd2 Bb7 14.Bg5 Qc8 15.h3 h5
16.b3 Nh7 17.Bh6 Bxh6 18.Qxh6 Qd8 19.Re3 Qg5 20.Qxg5 Nxg5 21.Rbe1 Nxf3+ 22.gxf3 Bc6  1/2-1/2

[Event "FIDE World Cup 2015"]
[Site "Baku AZE"]
[Date "2015.09.17"]
[Round "3.1"]
[White "Mamedyarov,S"]
[Black "Sethuraman,S"]
[Result "1-0"]
[WhiteElo "2736"]
[BlackElo "2640"]

1.c4 c6 2.e4 d5 3.exd5 cxd5 4.d4 Nf6 5.Nc3 Nc6 6.Bg5 dxc4 7.Bxc4 Qxd4 8.Qxd4 Nxd4
9.O-O-O e5 10.f4 Bg4 11.Nf3 Bxf3 12.gxf3 Rc8 13.fxe5 Rxc4 14.exf6 Ne6 15.Rhe1 g6
16.Kb1 Bb4 17.Rxe6+ fxe6 18.f7+ Kxf7 19.Rd7+ Kf8 20.Rd8+ Kg7 21.Rd7+ Kf8
22.Ne4 h6 23.Rd8+ Kf7 24.Rxh8 hxg5 25.Rh7+ Kf8 26.Nxg5 Be7 27.Nxe6+ Ke8 28.a3 b5
29.Rg7 a5 30.f4 b4 31.axb4 Bf6 32.Rxg6 Kf7 33.f5 Rxb4 34.Rg2 Be5 35.Nd8+ Kf6
36.Nc6 Rf4 37.Re2 Bc7 38.Ne7 Rf1+ 39.Ka2 Bf4 40.Nd5+ Kxf5 41.Re8  1-0

[Event "FIDE World Cup 2015"]
[Site "Baku AZE"]
[Date "2015.09.18"]
[Round "3.2"]
[White "Sethuraman,S"]
[Black "Mamedyarov,S"]
[Result "1/2-1/2"]
[WhiteElo "2640"]
[BlackElo "2736"]

1.c4 Nf6 2.Nc3 e5 3.Nf3 Nc6 4.g3 Nd4 5.Bg2 Nxf3+ 6.Bxf3 Bb4 7.Qb3 Bc5 8.O-O O-O
9.Na4 Bd6 10.Rd1 Re8 11.d4 exd4 12.Rxd4 Be5 13.Rd1 Qe7 14.Bg2 c6 15.c5 d5
16.cxd6 Bxd6 17.Qc2 Bc7 18.Be3 Ng4 19.Bd4 Qxe2 20.Qc3 Bf5 21.Nc5 b6 22.Re1 Qc2
23.Na6 Qxc3 24.Bxc3 Rxe1+ 25.Rxe1 Bd6 26.Rd1 Be7 27.Bxc6 Rd8 28.Rxd8+ Bxd8
29.f3 Ne3 30.Bd4 Nc2 31.Be5 Bd3 32.Nb8 Be7 33.Be4 Bc5+ 34.Kh1 Bxe4 35.fxe4 Nb4
36.a4 Nd3  1/2-1/2

[Event "World Blitz 2015"]
[Site "Berlin GER"]
[Date "2015.10.13"]
[Round "1.16"]
[White "Mamedyarov,S"]
[Black "Lagarde,Max"]
[Result "1-0"]
[WhiteElo "2736"]
[BlackElo "2550"]

1.d4 Nf6 2.c4 e6 3.Nc3 c5 4.e3 d5 5.Nf3 Nc6 6.a3 dxc4 7.Bxc4 a6 8.O-O b5
9.Ba2 Bb7 10.d5 exd5 11.Nxd5 Be7 12.e4 O-O 13.Re1 c4 14.b3 Nxd5 15.exd5 Na5
16.bxc4 Nxc4 17.Bxc4 bxc4 18.Rb1 Rb8 19.h3 Bd6 20.Bb2 Bxd5 21.Qd4 Rxb2 22.Qxb2 Bxf3
23.gxf3 Qg5+ 24.Kf1 Qf5 25.Kg2 Qg6+ 26.Kf1 Qf5 27.Re3 Qxh3+ 28.Ke2 Qf5 29.Re4 h5
30.Qc3 Rc8 31.Rd1 Bf8 32.Rdd4 Qb5 33.Rxc4 Bxa3 34.Qd3 Rxc4 35.Rxc4 Bf8 36.Rd4 Qb2+
37.Kf1 a5 38.Rd8 Qb4 39.Kg2 a4 40.Qd5 a3 41.Rd7 Qf4 42.Ra7 h4 43.Ra8 Qb4
44.Ra7 Qf4 45.Kh3 g6 46.Ra8 Qb4 47.Ra7 Qf4 48.Ra8 Qb4 49.Ra6 Kg7 50.Qe5+ Kg8
51.Ra8 Qb1 52.Kg2 Qb4 53.Qd5 Qe7 54.Ra4 Qf6 55.Rg4 Kg7 56.Ra4 Qe6 57.Qxe6 fxe6
58.Rxh4 e5 59.Ra4 Kf6 60.Kg3 Kf5 61.Ra5 Bb4 62.Ra8 Ke6 63.Ra4 Bc5 64.Kg4 Kd5
65.Kg5 Bxf2 66.Rxa3 Bc5 67.Ra5 Kd4 68.Kxg6 Bb4 69.Ra4 Kc4 70.Kf5 Kb5 71.Rxb4+  1-0

[Event "World Blitz 2015"]
[Site "Berlin GER"]
[Date "2015.10.13"]
[Round "2.15"]
[White "Sasikiran,K"]
[Black "Mamedyarov,S"]
[Result "1/2-1/2"]
[WhiteElo "2639"]
[BlackElo "2736"]

1.d4 Nf6 2.c4 b6 3.Nc3 Bb7 4.Qc2 g6 5.e4 d6 6.f3 Bg7 7.Be3 c5 8.d5 e6 9.Nh3 a6
10.a4 O-O 11.Be2 Re8 12.Qd2 Qe7 13.O-O Nbd7 14.Rad1 exd5 15.cxd5 b5 16.axb5 axb5
17.Bxb5 Ba6 18.Ra1 Nxe4 19.fxe4 Bxc3 20.Qxc3 Bxb5 21.Bh6 Qe5 22.Rxa8 Rxa8
23.Re1 Qxc3 24.bxc3 Ne5 25.Bf4 Nd3 26.Rb1 Nxf4 27.Nxf4 Bc4 28.Rb6 Rd8 29.Kf2 Kg7
30.h4 Kf6 31.Ke3 Ke5 32.Rb7 Kf6 33.Nh3 h6 34.Nf2 Re8 35.Rd7 Bxd5 36.Rxd6+ Be6
37.Rc6 c4 38.Ng4+ Kg7 39.Ne5 Re7 40.Rc5 Ra7 41.Nxc4 Ra2 42.Nd2 Ra1 43.c4 Re1+
44.Kf2 Rd1 45.Ke2 Rg1 46.Kf2 Rd1 47.Nf3 Rc1 48.Nd2 Rd1 49.Ke2 Rh1 50.Nf3 Ra1
51.Nd4 Bg4+ 52.Kf2 Rc1 53.Rc7 Kf6 54.c5 Ke5 55.Nf3+ Kxe4 56.Rxf7 Rxc5 57.Kg3 Bxf3
58.gxf3+  1/2-1/2

[Event "World Blitz 2015"]
[Site "Berlin GER"]
[Date "2015.10.13"]
[Round "3.20"]
[White "Mamedyarov,S"]
[Black "Lenic,L"]
[Result "0-1"]
[WhiteElo "2736"]
[BlackElo "2639"]

1.d4 Nf6 2.c4 e6 3.Nc3 Bb4 4.Nf3 O-O 5.Qc2 d5 6.Bg5 h6 7.Bh4 c5 8.dxc5 dxc4
9.e4 Qa5 10.Bxc4 Qxc5 11.Bd3 Bxc3+ 12.bxc3 Nbd7 13.O-O b6 14.Kh1 Bb7 15.Nd2 Rac8
16.c4 Ne5 17.Be2 b5 18.Bxf6 gxf6 19.Qb2 Rfd8 20.f4 Qe3 21.Nf3 Ng4 22.Rae1 Nf2+
23.Rxf2 Qxf2 24.Qxf6 Bxe4 25.Qa1 bxc4 26.Qe5 Bxf3 27.gxf3 Qxe1+  0-1

[Event "World Blitz 2015"]
[Site "Berlin GER"]
[Date "2015.10.13"]
[Round "4.43"]
[White "Motylev,A"]
[Black "Mamedyarov,S"]
[Result "0-1"]
[WhiteElo "2649"]
[BlackElo "2736"]

1.e4 e5 2.Nf3 Nc6 3.Bb5 Nf6 4.d3 d6 5.O-O Be7 6.c3 O-O 7.Nbd2 a6 8.Ba4 b5
9.Bc2 d5 10.Qe2 Re8 11.a4 Rb8 12.axb5 axb5 13.Re1 Bf8 14.h3 h6 15.Nf1 Be6
16.Ng3 Qd7 17.Be3 Rbd8 18.Red1 Qc8 19.Nh2 g6 20.Nf3 Qb7 21.Nd2 d4 22.cxd4 exd4
23.Bf4 g5 24.Bxg5 hxg5 25.Nh5 Bg7 26.Bb3 Ne5 27.f4 Nxh5  0-1

[Event "World Blitz 2015"]
[Site "Berlin GER"]
[Date "2015.10.13"]
[Round "5.26"]
[White "Mamedyarov,S"]
[Black "Bachmann,Ax"]
[Result "1-0"]
[WhiteElo "2736"]
[BlackElo "2593"]

1.d4 g6 2.c4 Bg7 3.Nc3 d6 4.g3 Nf6 5.Bg2 O-O 6.Nf3 Nbd7 7.O-O e5 8.Qc2 Re8
9.Rd1 exd4 10.Nxd4 Nc5 11.h3 c6 12.b3 Qe7 13.Bb2 a5 14.a3 Bd7 15.Rd2 Nfe4
16.Nxe4 Nxe4 17.Rd3 Nc5 18.Re3 Qf8 19.Rxe8 Qxe8 20.Rd1 Qe7 21.e3 h5 22.b4 axb4
23.axb4 Ne6 24.Nxe6 Bxe6 25.Bxg7 Kxg7 26.b5 Rc8 27.bxc6 bxc6 28.Qd2 Rd8 29.Bxc6 Bxh3
30.c5 d5 31.Qd4+ Kh7 32.Bxd5 Bg4 33.Rd3 Rb8 34.c6 Rb1+ 35.Kg2 Be2 36.Rd2 Bf1+
37.Kh2 Ba6 38.Qe4 Qxe4 39.Bxe4 Rc1 40.Rd7 Kg8 41.c7 Kf8 42.Bd5 f5 43.Rh7 Rc2
44.Kg2 Rc5 45.Be6 Bb7+ 46.Kh3 Rc2 47.f4 Rc3 48.Kh4 Rxe3 49.c8=Q+ Bxc8 50.Bxc8 Kg8
51.Ra7 Rc3 52.Be6+ Kf8 53.Bf7 Rc6 54.Kg5 Rc3 55.Kf6 Rc6+ 56.Be6  1-0

[Event "World Blitz 2015"]
[Site "Berlin GER"]
[Date "2015.10.13"]
[Round "6.14"]
[White "Kasimdzhanov,R"]
[Black "Mamedyarov,S"]
[Result "1-0"]
[WhiteElo "2704"]
[BlackElo "2736"]

1.e4 d6 2.d4 Nf6 3.Nc3 g6 4.Nf3 Bg7 5.Be2 O-O 6.O-O Nc6 7.d5 Nb8 8.Bf4 c6
9.Qd2 Bg4 10.h3 Bxf3 11.Bxf3 Nbd7 12.Rfe1 Rc8 13.dxc6 bxc6 14.Rad1 Qb6 15.b3 Rfe8
16.Na4 Qb8 17.c4 h5 18.c5 e5 19.Be3 dxc5 20.Qc2 Bf8 21.Be2 Kg7 22.Bg5 Be7
23.Bc1 Rcd8 24.Bb2 Nf8 25.Nxc5 Bd6 26.Bf1 Qb6 27.Rc1 Bxc5 28.Qxc5 Rd2 29.Bxe5 Qxc5
30.Bxf6+ Kxf6 31.Rxc5 Rxa2 32.Rxc6+ Re6 33.e5+ Kg7 34.Rc7 Re8 35.Bc4 Ne6
36.Rb7 a5 37.Rd1 a4 38.Rdd7 Nd8 39.Rb8 axb3 40.Bxb3 Rb2 41.Bxf7 Rxb8 42.Bxe8+ Kh6
43.Rd6 Kg5 44.Rxg6+ Kf5 45.Rh6 Ne6 46.Bd7  1-0

[Event "World Blitz 2015"]
[Site "Berlin GER"]
[Date "2015.10.13"]
[Round "7.27"]
[White "Mamedyarov,S"]
[Black "Inarkiev,E"]
[Result "1-0"]
[WhiteElo "2736"]
[BlackElo "2660"]

1.d4 Nf6 2.c4 e6 3.Nc3 d5 4.Nf3 Nbd7 5.Bf4 dxc4 6.e3 a6 7.a4 Bd6 8.Bxc4 Bxf4
9.exf4 Nb6 10.Bd3 Nbd5 11.g3 b6 12.O-O O-O 13.Re1 Bb7 14.Ne5 c5 15.dxc5 Nxc3
16.bxc3 Qd5 17.c6 Bxc6 18.Nxc6 Qxc6 19.Qb3 Rfd8 20.Rad1 g6 21.Bf1 Qc5 22.Qb4 Nd5
23.Qxc5 bxc5 24.Rc1 Rd6 25.Re2 Rb8 26.Rd2 Rdb6 27.Kg2 Kf8 28.Bc4 Nf6 29.a5 Rc6
30.Rcc2 Nd5 31.Bxd5 exd5 32.Rxd5 Rb5 33.Ra2 Rb3 34.Rc2 Ra3 35.Rd8+ Kg7 36.g4 Rxa5
37.Re2 Re6 38.Rxe6 fxe6 39.Rd7+ Kg8 40.Re7 Ra4 41.Kf3 Rc4 42.Rxe6 a5 43.Ra6 a4
44.f5 gxf5 45.gxf5 Kf8 46.Ra7 h5 47.f6 h4 48.Ke3 Rxc3+ 49.Ke4 a3 50.f4 a2
51.Rxa2 c4 52.Ra4 Rh3 53.Ra2 Rb3 54.Kf5 c3 55.Ra8+ Kf7 56.Ra7+ Kf8 57.Kg6 Rb8
58.Rh7  1-0

[Event "World Blitz 2015"]
[Site "Berlin GER"]
[Date "2015.10.13"]
[Round "8.19"]
[White "Vitiugov,N"]
[Black "Mamedyarov,S"]
[Result "1-0"]
[WhiteElo "2725"]
[BlackElo "2736"]

1.d4 Nf6 2.c4 b6 3.Nc3 Bb7 4.Qc2 g6 5.e4 d6 6.Nf3 Bg7 7.Be2 O-O 8.O-O e5
9.Rd1 exd4 10.Nxd4 Nc6 11.Nxc6 Bxc6 12.Bg5 h6 13.Be3 Re8 14.f3 Kh7 15.Bd4 Nd7
16.Bxg7 Kxg7 17.Qd2 a5 18.Bf1 Qf6 19.Rac1 Nc5 20.b3 Qe5 21.Ne2 Bd7 22.Nd4 f5
23.exf5 Bxf5 24.Re1 Qf6 25.Nb5 Rxe1 26.Rxe1 Rc8 27.Qe3 Bd7 28.Qe7+ Qxe7 29.Rxe7+ Kf6
30.Rh7 Bxb5 31.cxb5 h5 32.Kf2 d5 33.Ke3 Ne6 34.Rd7 Ke5 35.g3 d4+ 36.Kd2 g5
37.Bc4 Nc5 38.Rd5+ Kf6 39.Rxd4 Re8 40.h4 g4 41.Rf4+ Ke5 42.fxg4 Ne4+ 43.Ke3 Nxg3
44.Kf3 Nh1 45.Re4+  1-0

[Event "World Blitz 2015"]
[Site "Berlin GER"]
[Date "2015.10.13"]
[Round "9.31"]
[White "Mamedyarov,S"]
[Black "Schneider,Il"]
[Result "1-0"]
[WhiteElo "2736"]
[BlackElo "2481"]

1.d4 d5 2.c4 c6 3.Nf3 Nf6 4.Nbd2 Bf5 5.Nh4 Be6 6.e3 g6 7.Nhf3 Bg7 8.b3 O-O
9.Bb2 Bf5 10.Be2 Ne4 11.O-O Nd7 12.a4 Nxd2 13.Qxd2 Nf6 14.a5 Ne4 15.Qb4 Qd6
16.Qa4 Rfc8 17.Ba3 Qd7 18.Rac1 Bg4 19.cxd5 cxd5 20.Qxd7 Bxd7 21.Bxe7 Nc3
22.Bd3 Bf5 23.Rxc3 Rxc3 24.Bxf5 gxf5 25.b4 b6 26.Nh4 Rac8 27.Nxf5 Bf8 28.Bxf8 Kxf8
29.Nd6 R8c6 30.Nb5 Rc1 31.Nxa7 Rxf1+ 32.Kxf1 Rc7 33.axb6 Rb7 34.Nb5 Rxb6
35.Nc3 Rxb4 36.Nxd5 Rb1+ 37.Ke2 Rh1 38.h3 Rg1 39.Kf3 Kg7 40.e4 Rd1 41.Ne3 Rd2
42.Nf5+ Kf6 43.Ke3 Ra2 44.g3 Ra3+ 45.Kf4 Ra2 46.f3 h5 47.d5 Ra4 48.h4 Rb4
49.g4 hxg4 50.fxg4 Rb1 51.Nd4 Rh1 52.e5+ Ke7 53.h5 Rd1 54.Nf5+ Kf8 55.d6 Ke8
56.Kg5 Rg1 57.h6 Rh1 58.Nh4 Kf8 59.h7 Kg7 60.Nf5+ Kxh7 61.d7 Rd1 62.Nd6  1-0

[Event "World Blitz 2015"]
[Site "Berlin GER"]
[Date "2015.10.13"]
[Round "10.17"]
[White "Moiseenko,A1"]
[Black "Mamedyarov,S"]
[Result "1/2-1/2"]
[WhiteElo "2692"]
[BlackElo "2736"]

1.d4 Nf6 2.c4 b6 3.f3 Bb7 4.e4 e6 5.Bd3 d5 6.cxd5 exd5 7.e5 Nfd7 8.f4 c5
9.Nf3 Nc6 10.O-O cxd4 11.a3 Be7 12.b4 O-O 13.Nbd2 a5 14.b5 Na7 15.Nb3 Nc5
16.Nbxd4 Ne4 17.Bb2 Rc8 18.Kh1 Qd7 19.f5 Bc5 20.Qe1 f6 21.Ne6 fxe5 22.Nxe5 Qe7
23.Nxf8 Rxf8 24.Qe2 Nc8 25.Bxe4 dxe4 26.Qc4+ Kh8 27.f6 gxf6 28.Ng4 Nd6 29.Rxf6 Rxf6
30.Qc3 Nxb5 31.Qxf6+ Qxf6 32.Bxf6+ Kg8 33.Nh6+ Kf8 34.Rd1 Be7 35.Rd7 Bxf6
36.Rxb7 Bd4 37.Nf5 Bc5 38.a4 Nc3 39.g4 e3 40.Ng3 e2 41.Nxe2 Nxe2 42.Rxh7 Nc3
43.g5 Nxa4 44.h4 Nc3 45.g6 Kg8 46.h5 Ne4 47.h6 Ng3+ 48.Kg2 Nf5 49.Kh3 a4
50.Kg4 Ne7 51.Rg7+ Kf8 52.Rf7+ Ke8 53.h7 Nxg6 54.Rg7 Nh8 55.Rg8+ Kf7 56.Rxh8 Kg7
57.Ra8 Kxh7 58.Rxa4  1/2-1/2

[Event "World Blitz 2015"]
[Site "Berlin GER"]
[Date "2015.10.13"]
[Round "11.22"]
[White "Mamedyarov,S"]
[Black "Zhigalko,S"]
[Result "1-0"]
[WhiteElo "2736"]
[BlackElo "2656"]

1.d4 Nf6 2.Nf3 e6 3.g3 b5 4.Qd3 b4 5.a3 Bb7 6.axb4 Bxb4+ 7.Bd2 Be4 8.Qb3 Be7
9.Nc3 Bxf3 10.exf3 Nc6 11.Qa4 Rb8 12.Bb5 Nb4 13.O-O O-O 14.Rfb1 c5 15.dxc5 Bxc5
16.Bf1 Qb6 17.Nd1 a5 18.Ne3 d5 19.Qxa5 Bxe3 20.Bxe3 Qxa5 21.Rxa5 Nxc2 22.Bc5 Rfc8
23.b4 Nd7 24.Rb2 Rxc5 25.bxc5 Rxb2 26.c6 Nb6 27.c7 g6 28.Ra6 Nc8 29.Ra8 Kg7
30.Rxc8 Nd4 31.Rg8+ Kxg8 32.c8=Q+ Kg7 33.Qc3 Rd2 34.Kg2 Rd1 35.Be2  1-0